00703nam a2200229 a 4500001001300000003000900013005001700022008004100039020001000080082001700090100001400107245004200121260005900163300000900222500003500231505004800266650001200314902000800326942000700334952011700341999001500458nice12345678IN_TiNIC20260116011436.0050524s1919 lona grp 000 0 eng  ac10000a296.123bCOW aCowley, A aJewish Documents of the Time of Ezra. aLondonbSociety for Promoting Christian Knowledgc1919 a100p aincludes index and biblioraphy2 aIndex of Words and References, Bibliography aMishnah bSRS cBK 001040708StackRoom-aHMIbHMId2007-07-27g100.00l0o296.123 COWp01700r2007-07-27v100.00w2005-05-24yBK c1573d1573